Apuntes de cartografía aplicados a la navegación aérea
Guardat en:
| Autor principal: | |
|---|---|
| Format: | Llibre |
| Idioma: | espanyol |
| Publicat: |
Madrid
Virgen del Loreto
1977
|
| Matèries: | |
| Etiquetes: |
Afegir etiqueta
Sense etiquetes, Sigues el primer a etiquetar aquest registre!
|
MARC
| LEADER | 00000nam a2200000 a 4500 | ||
|---|---|---|---|
| 001 | UCU3256 | ||
| 003 | CL-VaPUC | ||
| 008 | 960502e19770000SP |||||||||||||||||spa|d | ||
| 082 | 0 | 4 | |a 526 |b FIG |2 21 |
| 100 | 0 | |a Figueroa, Fernando |e author |9 360122 | |
| 245 | 1 | 0 | |a Apuntes de cartografía aplicados a la navegación aérea |
| 300 | |a 105 p | ||
| 942 | |c BK | ||
| 945 | |d 19960502 00:00:00 |a lriquelm | ||
| 260 | |a Madrid |b Virgen del Loreto |c 1977 | ||
| 650 | 0 | |a Cartografía |9 266055 | |
| 650 | 0 | |a Mapas |9 260844 | |
| 650 | 7 | |a TIERRA |2 CL-VaPUC |9 261538 | |
| 650 | 7 | |a ESTEREOCARTOGRAFIA |2 CL-VaPUC |9 360123 | |
| 650 | 7 | |a NAVEGACION AEREA |2 CL-VaPUC |9 255385 | |
| 583 | |a last modification |c 19960502 00:00:00 |k Rodrigo Vera | ||
| 999 | |c 247333 |d 247331 | ||
| 952 | |0 0 |1 0 |4 0 |6 526_000000000000000_FIG_1977 |7 0 |8 A |9 263185 |a BIBING |b BIBING |d 2019-11-19 |i 1652559 |o 526 FIG 1977 |p 1652559 |r 2025-01-20 |w 2019-11-19 |y BK |k GEO | ||